Normal view MARC view
  • SP-1336.CAE,DEVELOPMENTS IN AUTOMOTIVE VEHICLES CAD-CAM,DEVELOPMENT IN AUTOMOTIVE VEHICLES

Entry Topical Term

Number of records used in: 1

001 - CONTROL NUMBER

  • control field: 77498

003 - CONTROL NUMBER IDENTIFIER

  • control field: NUST

005 - DATE AND TIME OF LATEST TRANSACTION

  • control field: 20210628205926.0

008 - FIXED-LENGTH DATA ELEMENTS

  • fixed length control field: 210628|| aca||aabn | a|a d

040 ## - CATALOGING SOURCE

  • Original cataloging agency: NUST
  • Transcribing agency: NUST

150 ## - HEADING--TOPICAL TERM

  • Topical term or geographic name entry element: SP-1336.CAE,DEVELOPMENTS IN AUTOMOTIVE VEHICLES CAD-CAM,DEVELOPMENT IN AUTOMOTIVE VEHICLES

670 ## - SOURCE DATA FOUND

  • Source citation: Work cat.: (NUST): Sae 9418, Developments in cad-cam and cae sp-1336, 1998
© 2023 Central Library, National University of Sciences and Technology. All Rights Reserved.